A plan and proposal for the re-building of London, and for making other improvements therein (Record no. 114884)

MARC details
000 -LEADER
fixed length control field 00552cam a22001815a 4500
001 - CONTROL NUMBER
control field L157637
008 - FIXED-LENGTH DATA ELEMENTS--GENERAL INFORMATION
fixed length control field 130213s1846 xxk f 000 0 eng d
035 ## - SYSTEM CONTROL NUMBER
System control number (Sirsi) u157637
041 0# - LANGUAGE CODE
Language code of text/sound track or separate title eng
100 1# - MAIN ENTRY--PERSONAL NAME
Personal name Bolton, Bolton
245 02 - TITLE STATEMENT
Title A plan and proposal for the re-building of London, and for making other improvements therein
Remainder of title with ways and means for so doing
260 ## - PUBLICATION, DISTRIBUTION, ETC.
Date of publication, distribution, etc. 1846
300 ## - PHYSICAL DESCRIPTION
Extent 1 v.
Dimensions 34 cm.
583 ## - ACTION NOTE
Action Condition reviewed
Time/date of action 20120620
Status condition level 4
651 #4 - SUBJECT ADDED ENTRY--GEOGRAPHIC NAME
Geographic name London
690 ## - LOCAL SUBJECT ADDED ENTRY--TOPICAL TERM (OCLC, RLIN)
Topical term or geographic name as entry element Design and specification
942 ## - ADDED ENTRY ELEMENTS (KOHA)
Suppress in OPAC 0
Holdings
Withdrawn status Lost status Source of classification or shelving scheme Damaged status Not for loan Home library Current library Shelving location Date acquired Total Checkouts Full call number Barcode Date last seen Copy number Price effective from Koha item type
    Dewey Decimal Classification     Historic collection Historic collection Historic collection 13/02/2013   FOLIO 1846 BOLTON 30076787 06/08/2019 1 06/08/2019 Book